[Event "Championnat de France"]
[Site "Besançon"]
[Date "2006.08.21"]
[Round "7"]
[White "Sokolov, Andrei"]
[Black "Fontaine, Robert"]
[Result "1-0"]
[WhiteElo "2589"]
[BlackElo "2518"]
[PlyCount "111"]
[EventDate "2006.??.??"]

1. e4 c6 2. d4 d5 3. Nc3 dxe4 4. Nxe4 Bf5 5. Ng3 Bg6 6. h4 h6 7. Nf3 Nd7 8. h5
Bh7 9. Bd3 Bxd3 10. Qxd3 e6 11. Bf4 Qa5+ 12. Bd2 Qc7 13. O-O-O Ngf6 14. Qe2 Bd6
15. Nf5 Bf4 16. Ne3 b5 17. g3 Bxe3 18. Bxe3 Nd5 19. g4 Qa5 20. Kb1 Rb8 21. Rd3
b4 22. Rb3 Rb6 23. Bd2 O-O 24. g5 hxg5 25. h6 g6 26. Nxg5 N5f6 27. h7+ Kh8 28.
Bf4 Qd5 29. Rd1 Rb5 30. Rf3 Ra5 31. b3 Qb5 32. Qxb5 Rxb5 33. Be5 Kg7 34. Rxf6
Nxf6 35. f4 Rxe5 36. dxe5 Nd5 37. Rh1 Rh8 38. Kb2 a5 39. a3 f6 40. Nxe6+ Kf7
41. Nd8+ Kg7 42. Ne6+ Kf7 43. Nd8+ Kg7 44. Nxc6 f5 45. Nxa5 bxa3+ 46. Kxa3 Nxf4
47. b4 g5 48. b5 g4 49. b6 g3 50. b7 Ne2 51. Nc6 g2 52. Rd1 f4 53. Nd8 Rxd8 54.
Rxd8 Kxh7 55. b8=Q g1=Q 56. Rh8+ 1-0

 c5 $1 29. dxc5 Qxc5 30. Be3 Qb5 31. Qd2 Rb7 32.
Qd6 $16) 28... Qd5 29. Rd1 Rb5 30. Rf3 Ra5 31. b3 Qb5 32. Qxb5 (32. Qd2 $16)
32... Rxb5 33. Be5 $6 (33. Bd6 Re8 34. Nxf7+ Kxh7 35. Ne5 $16) 33... Kg7 34.
Rxf6 $5 Nxf6 35. f4 Rxe5 36. dxe5 Nd5 $6 (36... Nxh7 37. Ne4 g5 38. fxg5 Kg6
$13) 37. Rh1 $1 Rh8 38. Kb2 a5 (38... Nxf4 $5 39. Rf1 (39. Rd1 $5 Nd5 40. Rf1
f6 41. exf6+ Nxf6 42. Nxe6+ Kf7 43. Ng5+ Kg7 44. a3 a5 45. c3 bxc3+ 46. Kxc3
Nxh7 47. Ne6+ Kg8 48. Kd4 $16) 39... f6 $3 $14 {Diagramme #}) 39. a3 f6 $2 (
39... Nxf4) 40. Nxe6+ Kf7 41. Nd8+ $1 Kg7 42. Ne6+ Kf7 43. Nd8+ Kg7 44. Nxc6 $1
f5 45. Nxa5 bxa3+ 46. Kxa3 Nxf4 47. b4 g5 48. b5 g4 49. b6 g3 50. b7 (50. Rg1
$1 g2 51. Nc6 $18) 50... Ne2 51. Nc6 g2 52. Rd1 $18 f4 (52... g1=Q 53. Rxg1+
Nxg1 54. e6 $3 $18 {Diagramme #} 54... Kxh7 55. e7 Kg7 56. Nd8) 53. Nd8 $1 Rxd8
54. Rxd8 Kxh7 55. b8=Q g1=Q 56. Rh8+ 1-0

[Event "Championnat de France"]
[Site "Besançon"]
[Date "2006.08.21"]
[Round "7"]
[White "Muller, Anne"]
[Black "Skripchenko, Almira"]
[Result "0-1"]
[WhiteElo "2181"]
[BlackElo "2421"]
[PlyCount "74"]
[EventDate "2006.??.??"]

1. e4 d6 2. d4 Nf6 3. Nc3 g6 4. f4 Bg7 5. Nf3 O-O 6. Bd3 Nc6 7. O-O e5 8. dxe5
dxe5 9. f5 Nb4 10. fxg6 hxg6 11. Be3 Nxd3 12. cxd3 Qd6 13. Kh1 c5 14. Qe1 Nh7
15. Nd5 Be6 16. Rc1 Rfc8 17. b4 b6 18. bxc5 bxc5 19. Qa5 Bxd5 20. exd5 Qxd5 21.
Rfd1 Bf8 22. Qc3 Qxa2 23. Nxe5 Qe6 24. Re1 Qd5 25. Bg1 Rc7 26. Qa5 Rac8 27. d4
Nf6 28. dxc5 Bxc5 29. Rxc5 Rxc5 30. Bxc5 Qxc5 31. Qa1 Re8 32. Nd3 Rxe1+ 33.
Qxe1 Qd4 34. Nf2 a5 35. g3 a4 36. Kg2 a3 37. Qe2 Qb2 0-1

[Event "Championnat de France"]
[Site "Besançon"]
[Date "2006.08.21"]
[Round "7"]
[White "Flear, Christine"]
[Black "Wohlers Armas, Friederike"]
[Result "1/2-1/2"]
[WhiteElo "2198"]
[BlackElo "2122"]
[PlyCount "49"]
[EventDate "2006.??.??"]

1. d4 d6 2. c4 g6 3. e4 Nd7 4. Nc3 Bg7 5. Nf3 e6 6. Bg5 f6 7. Be3 Ne7 8. Qd2 a6
9. h4 h6 10. O-O-O b6 11. Kb1 Bb7 12. Bd3 Kf7 13. Rhf1 c6 14. d5 cxd5 15. exd5
e5 16. h5 g5 17. g4 Nc5 18. Bxc5 bxc5 19. Qc2 Rf8 20. Ng1 Kg8 21. Nge2 Bc8 22.
Bf5 Bxf5 23. gxf5 Qd7 24. Ng3 Rfb8 25. Rd2 1/2-1/2

[Event "Championnat de France"]
[Site "Besançon"]
[Date "2006.08.21"]
[Round "7"]
[White "Leconte, Maria"]
[Black "Choisy, Mathilde"]
[Result "1-0"]
[WhiteElo "2304"]
[BlackElo "2145"]
[PlyCount "63"]
[EventDate "2006.??.??"]

1. e4 c5 2. Nf3 d6 3. d4 cxd4 4. Nxd4 Nf6 5. Nc3 a6 6. g3 e5 7. Nb3 Be6 8. Bg2
Be7 9. O-O O-O 10. Re1 Nbd7 11. a4 Qc7 12. Nd2 Rfc8 13. Nf1 Rab8 14. a5 b5 15.
axb6 Qxb6 16. Ne3 Nc5 17. Ncd5 Qd8 18. f3 Nxd5 19. exd5 Bd7 20. b3 a5 21. Bd2
a4 22. b4 Na6 23. c3 Qb6 24. Bf1 Nc7 25. Kg2 Nb5 26. Qxa4 Qc7 27. Qb3 f5 28.
Nc4 Bf6 29. Nxe5 Qb7 30. Nc6 Ra8 31. Ra5 Rxa5 32. bxa5 1-0

Nxd5 Qxb2 19. Bh3 $1 $13) 15. axb6 Qxb6 16.
Ne3 $16 Nc5 17. Ncd5 Qd8 18. f3 Nxd5 19. exd5 $6 (19. Nxd5 $16) 19... Bd7 20.
b3 a5 21. Bd2 a4 22. b4 Na6 23. c3 Qb6 (23... Nc7 $1 24. c4 Na6 25. b5 Nc5 26.
Bb4 Qb6 27. Bxc5 Qxc5 28. Qxa4 Bg5 $44) 24. Bf1 Nc7 25. Kg2 Nb5 $2 (25... f5
26. c4 Bf6 $14 27. Ra3 f4 28. Ng4 Bg5 $132 29. c5 $1 dxc5 30. Nxe5 Be8 31. Bc4
$1 cxb4 32. d6+ Kh8 33. d7 $3 $16 {Diagramme #}) 26. Qxa4 $16 Qc7 27. Qb3 f5
28. Nc4 Bf6 $2 (28... Kf8 29. Bd3 $16) 29. Nxe5 $18 Qb7 30. Nc6 Ra8 31. Ra5
Rxa5 32. bxa5 1-0

[Event "Championnat de France"]
[Site "Besançon"]
[Date "2006.08.21"]
[Round "7"]
[White "Lautier, Joel"]
[Black "Colin, Vincent"]
[Result "1-0"]
[WhiteElo "2675"]
[BlackElo "2415"]
[PlyCount "55"]
[EventDate "2006.??.??"]

1. d4 Nf6 2. c4 e6 3. Nf3 Bb4+ 4. Nbd2 Ne4 5. a3 Bxd2+ 6. Nxd2 Nxd2 7. Bxd2 d6
8. Bc3 O-O 9. g3 Nd7 10. Bg2 a5 11. a4 e5 12. c5 Ra6 13. O-O Qe7 14. cxd6 Rxd6
15. d5 Ra6 16. Qd2 Nc5 17. Qc2 b6 18. b4 Nb7 19. Qb2 Re8 20. Rfc1 Ra7 21. bxa5
Nxa5 22. Bb4 Qd8 23. Qc2 Bd7 24. Ra3 Qb8 25. Rc3 Nb7 26. Rxc7 Bxa4 27. Qf5 Nd8
28. d6 1-0

... e4 16. Bxa5 c6 17. Qb3 Rxd5 18. Bb4 Nc5 19. Qe3
$16) (15... c6 $5 16. Bxa5 b6 17. Bb4 c5 18. Bc3 e4 19. b4 $14) (15... b6 $5
16. b4 Bb7 17. bxa5 e4 18. axb6 cxb6 19. a5 Rxd5 20. Qc2 $14) 16. Qd2 Nc5 17.
Qc2 b6 18. b4 $16 Nb7 19. Qb2 (19. b5 Ra7 20. e4 Nc5 21. f4 f6 22. fxe5 fxe5
23. Rxf8+ Kxf8 24. Bb2 $18 {le pion e5 est faible}) 19... Re8 20. Rfc1 Ra7 21.
bxa5 Nxa5 22. Bb4 Qd8 23. Qc2 Bd7 24. Ra3 Qb8 25. Rc3 $18 Nb7 26. Rxc7 Bxa4 27.
Qf5 Nd8 28. d6 1-0

[Event "Championnat de France"]
[Site "Besançon"]
[Date "2006.08.21"]
[Round "7"]
[White "Le Roux, Jean Pierre"]
[Black "Renet, Olivier"]
[Result "1/2-1/2"]
[WhiteElo "2496"]
[BlackElo "2507"]
[PlyCount "130"]
[EventDate "2006.??.??"]

1. d4 d5 2. Nf3 Nf6 3. c4 e6 4. Nc3 Be7 5. Bg5 h6 6. Bxf6 Bxf6 7. e3 O-O 8. Rc1
c6 9. Bd3 Nd7 10. O-O dxc4 11. Bxc4 e5 12. h3 exd4 13. exd4 Nb6 14. Bb3 Bf5 15.
Re1 a5 16. a3 Re8 17. Rxe8+ Qxe8 18. Qd2 Qd7 19. Qf4 Re8 20. Rd1 Be6 21. Bxe6
Rxe6 22. Ne4 Nd5 23. Qf5 Qc7 24. Rc1 Qb6 25. Nc5 g6 26. Qc2 Re7 27. g3 Bg7 28.
Qd2 Qc7 29. Kg2 Re8 30. Nd3 Re6 31. Nde5 b6 32. Qd3 Qb7 33. Qb3 Bxe5 34. dxe5
Re7 35. Rd1 Kg7 36. Rd4 Nc7 37. Rd6 Ne6 38. Kh2 b5 39. h4 c5 40. Qe3 a4 41. h5
g5 42. Qd3 Nf8 43. Qf5 Re6 44. Rd8 Qc7 45. Rd5 Qc6 46. Qd3 Re7 47. Rd6 Rd7 48.
Nd2 Rxd6 49. exd6 Nd7 50. Nf3 Kf6 51. g4 Ke6 52. Qf5+ Kxd6 53. Qxf7 Qd5 54.
Qg6+ Qe6 55. Qd3+ Kc6 56. Qg6 Qxg6 57. hxg6 Kd5 58. Kg3 Ke6 59. Nd2 Kf6 60.
Ne4+ Kxg6 61. Nc3 Ne5 62. Nxb5 Nd3 63. Kf3 Nxb2 64. Nc3 h5 65. gxh5+ Kxh5
1/2-1/2

[Event "Championnat de France"]
[Site "Besançon"]
[Date "2006.08.21"]
[Round "7"]
[White "Prie, Eric"]
[Black "Guidarelli, Laurent"]
[Result "1/2-1/2"]
[WhiteElo "2507"]
[BlackElo "2437"]
[PlyCount "85"]
[EventDate "2006.??.??"]

1. d4 g6 2. Bg5 Bg7 3. c3 d6 4. Nd2 h6 5. Bh4 Nd7 6. e4 Ngf6 7. f4 O-O 8. e5
Nd5 9. Qf3 Nxf4 10. Qxf4 g5 11. Qe4 gxh4 12. Ngf3 dxe5 13. dxe5 Nc5 14. Qe3 b6
15. b4 Nd7 16. Bc4 Bb7 17. e6 fxe6 18. Bxe6+ Kh8 19. O-O Qe8 20. Nxh4 Qh5 21.
Qg3 Rxf1+ 22. Rxf1 Qg5 23. Bxd7 Qxg3 24. hxg3 Rd8 25. Ng6+ Kh7 26. Bf5 Rxd2 27.
Nxe7+ Kh8 28. Ng6+ Kg8 29. Be6+ Kh7 30. Nh4 Rd6 31. Bb3 Rd7 32. c4 Be4 33. Re1
Bg6 34. Re6 Bb1 35. Kh2 a5 36. bxa5 bxa5 37. c5 Bd4 38. Re1 Bg6 39. Rd1 Rd8 40.
Nf3 Bf6 41. Rxd8 Bxd8 42. Ne5 Be7 43. Nxg6 1/2-1/2

O-O Qe8 20. Nxh4 Qh5 21. Qg3 Rxf1+ 22. Rxf1
Qg5 $1 23. Bxd7 (23. Ng6+ Kh7 24. Qxg5 hxg5 25. Nxe7 Re8 $44) 23... Qxg3 24.
hxg3 Rd8 $11 25. Ng6+ Kh7 26. Bf5 Rxd2 27. Nxe7+ Kh8 28. Ng6+ Kg8 29. Be6+ Kh7
30. Nh4 $8 Rd6 31. Bb3 Rd7 32. c4 Be4 33. Re1 Bg6 34. Re6 Bb1 35. Kh2 a5 36.
bxa5 bxa5 37. c5 Bd4 38. Re1 Bg6 39. Rd1 Rd8 40. Nf3 Bf6 41. Rxd8 Bxd8 42. Ne5
Be7 43. Nxg6 1/2-1/2

[Event "Championnat de France"]
[Site "Besançon"]
[Date "2006.08.21"]
[Round "7"]
[White "Marzolo, Cyril"]
[Black "Relange, Eloi"]
[Result "1/2-1/2"]
[WhiteElo "2440"]
[BlackElo "2494"]
[PlyCount "60"]
[EventDate "2006.??.??"]

1. d4 d5 2. Nf3 c6 3. Bf4 Nf6 4. e3 Bg4 5. Nbd2 e6 6. Be2 Bd6 7. Ne5 Bxe2 8.
Qxe2 Qe7 9. Bg5 Nbd7 10. f4 h6 11. Bh4 g5 12. Bg3 O-O-O 13. O-O Rhg8 14. c4
dxc4 15. Ndxc4 Bc7 16. fxg5 Ne4 17. Be1 Nxe5 18. dxe5 Qxg5 19. Rf4 Qg6 20. Bh4
Rd5 21. Bf6 b5 22. Qf3 Nd2 23. Nxd2 Rxd2 24. g3 Qc2 25. Rh4 Rg6 26. Rf1 Kb7 27.
a4 a6 28. axb5 axb5 29. b4 Re2 30. Be7 Bxe5 1/2-1/2

[Event "Championnat de France"]
[Site "Besançon"]
[Date "2006.08.21"]
[Round "7"]
[White "Gozzoli, Yannick"]
[Black "Kosten, Anthony C"]
[Result "0-1"]
[WhiteElo "2470"]
[BlackElo "2530"]
[PlyCount "100"]
[EventDate "2006.??.??"]

1. d4 e6 2. Nf3 f5 3. g3 Nf6 4. Bg2 Be7 5. O-O O-O 6. b3 Ne4 7. c4 Bf6 8. Bb2
c5 9. Qc1 b6 10. Nc3 Bb7 11. dxc5 bxc5 12. Nxe4 Bxe4 13. Bxf6 Qxf6 14. Qe3 d6
15. Rad1 Qe7 16. Ng5 Bxg2 17. Kxg2 Re8 18. Qf4 h6 19. Nf3 Rd8 20. e4 fxe4 21.
Qxe4 Na6 22. Nh4 Nc7 23. f4 Re8 24. Ng6 Qd7 25. Ne5 Qe7 26. Ng6 Qd7 27. Rd2 d5
28. Ne5 Qe7 29. Qe3 a5 30. Nd3 Na6 31. Re1 Rad8 32. Ne5 Qb7 33. Qf3 Qa8 34. h4
Nc7 35. Rc2 a4 36. cxd5 axb3 37. axb3 Rxd5 38. Rec1 Nb5 39. Rb2 Nd4 40. Qe4
Nxb3 41. Rxb3 Rd2+ 42. Kf3 Rf2+ 43. Kxf2 Qxe4 44. Re3 Qd5 45. Rd3 Qa2+ 46. Kf3
Qa8+ 47. Kg4 Qg2 48. Rxc5 h5+ 49. Kxh5 Qe2+ 50. Rf3 Qe4 0-1

[Event "Championnat de France"]
[Site "Besançon"]
[Date "2006.08.21"]
[Round "7"]
[White "Apicella, Manuel"]
[Black "Maze, Sebastien"]
[Result "1/2-1/2"]
[WhiteElo "2520"]
[BlackElo "2526"]
[PlyCount "82"]
[EventDate "2006.??.??"]

1. e4 c5 2. Nf3 Nc6 3. d4 cxd4 4. Nxd4 g6 5. Nc3 Bg7 6. Be3 Nf6 7. Bc4 O-O 8.
Bb3 d6 9. f3 Bd7 10. Qd2 Nxd4 11. Bxd4 b5 12. a4 b4 13. Ne2 a5 14. O-O Bc6 15.
Be3 d5 16. Nd4 Bb7 17. e5 Nd7 18. f4 Nc5 19. Nf3 Qc7 20. Rfd1 e6 21. h4 h5 22.
Bd4 Rfc8 23. Qe3 Bf8 24. Kh2 Ra6 25. Rd2 Bh6 26. g3 Rc6 27. Rg1 Ne4 28. Rdg2
Kh7 29. Nd2 Nxd2 30. Rxd2 Ba6 31. Rgg2 Bf1 32. Rgf2 Bc4 33. Bxc4 Rxc4 34. b3
Rc6 35. Qf3 Rh8 36. Rde2 Bf8 37. Rg2 Bc5 38. Bb2 Kg7 39. Kh3 Be7 40. Qd3 Qb7
41. Rd2 Rhc8 1/2-1/2

[Event "Championnat de France"]
[Site "Besançon"]
[Date "2006.08.21"]
[Round "7"]
[White "Miralles, Gilles"]
[Black "Marcelin, Cyril"]
[Result "1/2-1/2"]
[WhiteElo "2504"]
[BlackElo "2481"]
[PlyCount "122"]
[EventDate "2006.??.??"]

1. e4 c5 2. d4 cxd4 3. c3 dxc3 4. Nxc3 Nc6 5. Nf3 e6 6. Bc4 a6 7. O-O Nge7 8.
Bg5 f6 9. Be3 Ng6 10. Qe2 b5 11. Bb3 Bd6 12. Rfd1 Qe7 13. Rac1 Bf4 14. Bxf4
Nxf4 15. Qe3 Ng6 16. Nd4 Nxd4 17. Qxd4 Ne5 18. Nd5 exd5 19. Bxd5 Nc6 20. Rxc6
dxc6 21. Bxc6+ Kf7 22. Bxa8 Be6 23. Bd5 Re8 24. h3 Bxd5 25. Qxd5+ Qe6 26. f3
Qxd5 27. Rxd5 Rc8 28. Rd7+ Kg6 29. Ra7 Rc2 30. Rxa6 Rxb2 31. Ra7 h5 32. h4 b4
33. Kh2 b3 34. axb3 Rxb3 35. Ra2 Rb1 36. Kg3 Re1 37. Kf4 Rh1 38. g3 Re1 39. Ra5
Rb1 40. Ra7 Re1 41. Re7 Ra1 42. Re8 Kf7 43. Rh8 Kg6 44. g4 hxg4 45. h5+ Kf7 46.
Kxg4 Rg1+ 47. Kf4 Rh1 48. Kg3 Rg1+ 49. Kh2 Rg5 50. Kh3 Ke6 51. f4 Rg1 52. Re8+
Kf7 53. Rb8 Re1 54. Rb7+ Kg8 55. Kg4 Rxe4 56. Kf5 Re1 57. h6 gxh6 58. Kxf6 Ra1
59. Rb6 h5 60. Kg6 Rg1+ 61. Kxh5 Kf7 1/2-1/2

[Event "Championnat de France"]
[Site "Besançon"]
[Date "2006.08.22"]
[Round "8"]
[White "Congiu, Mathilde"]
[Black "Choisy, Mathilde"]
[Result "1/2-1/2"]
[WhiteElo "2115"]
[BlackElo "2145"]
[PlyCount "27"]
[EventDate "2006.??.??"]

1. e4 c5 2. Nc3 Nc6 3. g3 g6 4. Bg2 Bg7 5. d3 d6 6. Be3 e5 7. Qd2 Nge7 8. Bh6
Bxh6 9. Qxh6 Nd4 10. Qd2 Qa5 11. f4 exf4 12. gxf4 Bg4 13. h3 Be6 14. Nge2
1/2-1/2

[Event "Championnat de France"]
[Site "Besançon"]
[Date "2006.08.22"]
[Round "8"]
[White "Wohlers Armas, Friederike"]
[Black "Verot, Melanie"]
[Result "0-1"]
[WhiteElo "2122"]
[BlackElo "2111"]
[PlyCount "70"]
[EventDate "2006.??.??"]

1. d4 Nf6 2. Nf3 c5 3. e3 d5 4. b3 Nc6 5. Nbd2 cxd4 6. exd4 Bf5 7. c3 h6 8. Ne5
e6 9. Be2 Bd6 10. f4 O-O 11. O-O Qb6 12. Ndf3 Rfd8 13. Kh1 Ne4 14. Bb2 Qc7 15.
Nh4 Bh7 16. Qe1 Be7 17. Bh5 Rf8 18. Be2 Rac8 19. Rc1 Qa5 20. a3 Qb6 21. b4 Nxe5
22. fxe5 Bg5 23. Nf3 Bxc1 24. Qxc1 Qd8 25. Qe3 Ng5 26. Nd2 f6 27. c4 fxe5 28.
Rxf8+ Qxf8 29. cxd5 Rc2 30. dxe6 Rxb2 31. Bc4 Kh8 32. d5 Ne4 33. Qf3 Qxf3 34.
gxf3 Nd6 35. e7 Rxd2 0-1

[Event "Championnat de France"]
[Site "Besançon"]
[Date "2006.08.22"]
[Round "8"]
[White "Roumegous, Marina"]
[Black "Leconte, Maria"]
[Result "0-1"]
[WhiteElo "2203"]
[BlackElo "2304"]
[PlyCount "92"]
[EventDate "2006.??.??"]

1. d4 g6 2. Nf3 Bg7 3. g3 Nf6 4. Bg2 c5 5. d5 e6 6. Nc3 O-O 7. O-O d6 8. dxe6
fxe6 9. e4 Nc6 10. Re1 Ne8 11. e5 d5 12. Bf4 Qb6 13. Na4 Qa5 14. b3 Ne7 15. Qd2
Qc7 16. c4 Bd7 17. Nc3 dxc4 18. bxc4 Bc6 19. Ne4 Rd8 20. Qe3 Nf5 21. Qxc5 b6
22. Qa3 Qb7 23. Neg5 Nc7 24. h4 h6 25. Nh3 Nd4 26. Re3 Nc2 27. Qc1 Nxa1 28.
Qxa1 Na6 29. Qb1 Nc5 30. Qxg6 Be4 31. Qg4 Bf5 32. Qh5 Qf7 33. Qxf7+ Rxf7 34.
Kh2 Rd1 35. Nhg1 Bd3 36. Ne1 Bxc4 37. Bf3 Ra1 38. a3 Bf8 39. Nc2 Ra2 40. Rc3 b5
41. Ne3 Rxf2+ 42. Kh3 Bd3 43. Bg4 Kg7 44. Nf3 Rd7 45. Bh5 Be2 46. Ng4 Bf1# 0-1

[Event "Championnat de France"]
[Site "Besançon"]
[Date "2006.08.22"]
[Round "8"]
[White "Guichard, Pauline"]
[Black "Benmesbah, Natacha"]
[Result "1/2-1/2"]
[WhiteElo "2227"]
[BlackElo "2125"]
[PlyCount "52"]
[EventDate "2006.??.??"]

1. d4 Nf6 2. c4 c5 3. d5 e6 4. Nc3 exd5 5. cxd5 d6 6. e4 g6 7. Bd3 Bg7 8. h3
O-O 9. Nf3 b5 10. Bxb5 Nxe4 11. Nxe4 Qa5+ 12. Nfd2 Qxb5 13. Nxd6 Qa6 14. N2c4
Nd7 15. O-O Nb6 16. Nxb6 Qxb6 17. Nxc8 Raxc8 18. Rb1 Rfd8 19. Bg5 Rd7 20. Qg4
Qb7 21. Rfd1 Bd4 22. b4 h5 23. Qe4 Qxd5 24. Qxd5 Rxd5 25. Be3 Rcd8 26. Bxd4
cxd4 1/2-1/2

[Event "Championnat de France"]
[Site "Besançon"]
[Date "2006.08.22"]
[Round "8"]
[White "Skripchenko, Almira"]
[Black "Flear, Christine"]
[Result "1-0"]
[WhiteElo "2421"]
[BlackElo "2198"]
[PlyCount "77"]
[EventDate "2006.??.??"]

1. e4 c5 2. Nf3 Nc6 3. Bb5 g6 4. c3 Nf6 5. Qe2 Bg7 6. O-O O-O 7. d3 d6 8. Rd1
Qb6 9. Ba4 Bg4 10. Nbd2 Qa6 11. Bc2 Rac8 12. h3 Bxf3 13. Nxf3 Nd7 14. Bg5 Rfe8
15. Qd2 b5 16. a3 Qb7 17. h4 a5 18. h5 a4 19. hxg6 hxg6 20. Bh6 Bf6 21. Nh2 Qb6
22. Ng4 Bh8 23. Re1 Nce5 24. Ne3 Nf6 25. Qe2 e6 26. f4 Nc6 27. Qf2 Rc7 28. Qg3
Rd7 29. Bg5 Nh7 30. Bh4 Ra7 31. f5 Ne5 32. Rad1 exf5 33. exf5 Rd7 34. d4 cxd4
35. cxd4 Rc8 36. Be4 Nc4 37. fxg6 Nf6 38. gxf7+ Kf8 39. Bxf6 1-0

[Event "Championnat de France"]
[Site "Besançon"]
[Date "2006.08.22"]
[Round "8"]
[White "Renet, Olivier"]
[Black "Prie, Eric"]
[Result "1-0"]
[WhiteElo "2507"]
[BlackElo "2507"]
[PlyCount "83"]
[EventDate "2006.??.??"]

1. d4 d5 2. c4 c6 3. cxd5 cxd5 4. Nf3 Nf6 5. Nc3 Nc6 6. Bf4 a6 7. Rc1 Bf5 8. e3
Rc8 9. Be2 e6 10. O-O Bd6 11. Bxd6 Qxd6 12. Na4 O-O 13. Qb3 Rc7 14. Nc5 Qe7 15.
Rc3 Bg4 16. Rfc1 Rfc8 17. h3 Bxf3 18. Bxf3 e5 19. Qa4 Nd8 20. dxe5 Qxe5 21. Nd3
Qd6 22. Rxc7 Rxc7 23. Rxc7 Qxc7 24. Bxd5 Qd6 25. e4 Kf8 26. Qc4 Ke8 27. b4 g6
28. a3 h5 29. Qd4 Nxd5 30. exd5 Kd7 31. Ne5+ Kc8 32. Nc4 Qc7 33. Nb6+ Kb8 34.
a4 h4 35. a5 g5 36. Qf6 Qc1+ 37. Kh2 Ka7 38. Qe5 f6 39. Qxf6 Qc7+ 40. d6 Qc1
41. Nd5 Qd2 42. d7 1-0

[Event "Championnat de France"]
[Site "Besançon"]
[Date "2006.08.22"]
[Round "8"]
[White "Relange, Eloi"]
[Black "Marcelin, Cyril"]
[Result "1-0"]
[WhiteElo "2494"]
[BlackElo "2481"]
[PlyCount "65"]
[EventDate "2006.??.??"]

1. d4 d5 2. c4 c6 3. Nf3 Nf6 4. Nc3 e6 5. Bg5 Nbd7 6. e3 Qa5 7. cxd5 Nxd5 8.
Qd2 Bb4 9. Rc1 O-O 10. a3 Bxc3 11. bxc3 h6 12. Bh4 Qxa3 13. e4 Ne7 14. Bd3 Ng6
15. Bg3 e5 16. h4 c5 17. O-O cxd4 18. cxd4 exd4 19. h5 Ne7 20. Bb1 Nc6 21. Nxd4
Nxd4 22. Qxd4 Re8 23. Bd6 Qb3 24. e5 Nf8 25. Rc3 Qb2 26. Bc2 Be6 27. Rb1 Qa2
28. Bxf8 Kxf8 29. Qd6+ Re7 30. Rc7 Rae8 31. Rbxb7 Bd7 32. Rxa7 Qb2 33. Bh7 1-0

Bh7 1-0

[Event "Championnat de France"]
[Site "Besançon"]
[Date "2006.08.22"]
[Round "8"]
[White "Marzolo, Cyril"]
[Black "Le Roux, Jean-Pierre"]
[Result "1-0"]
[WhiteElo "2440"]
[BlackElo "2496"]
[PlyCount "113"]
[EventDate "2006.??.??"]

1. d4 Nf6 2. c4 e6 3. Nf3 Bb4+ 4. Nbd2 b6 5. a3 Bxd2+ 6. Qxd2 Bb7 7. e3 O-O 8.
Be2 Ne4 9. Qc2 f5 10. b4 a5 11. Bb2 axb4 12. axb4 Rxa1+ 13. Bxa1 Rf6 14. O-O
Rg6 15. g3 d6 16. Qa2 h5 17. Qa7 Qc8 18. Rc1 Nc6 19. Qa4 Ne7 20. c5 Qd8 21. Qa7
Bd5 22. cxb6 cxb6 23. Rc7 Kf8 24. Qxb6 h4 25. Nxh4 Rh6 26. Rb7 Qxb6 27. Rxb6 g5
28. Nf3 g4 29. Nh4 Kf7 30. Rb8 Nc6 31. Rb7+ Kf6 32. b5 Ne7 33. Rb8 Rh7 34. Bb2
Ng6 35. Nxg6 Kxg6 36. b6 Ng5 37. Ba3 Nf3+ 38. Bxf3 Bxf3 39. Bxd6 Rb7 40. Kf1
Rxb8 41. Bxb8 Kf7 42. h4 gxh3 43. Kg1 Bg2 44. Kh2 Kg6 45. Bf4 Kh5 46. e4 Bxe4
47. Kxh3 Bb7 48. Be5 Kg5 49. Kh2 Kg4 50. Kg1 Kf3 51. Kf1 Bc8 52. Ke1 Ba6 53.
Kd2 Ke4 54. Kc3 Kd5 55. Bc7 Ke4 56. f3+ Ke3 57. g4 1-0

 g4 1-0

[Event "Championnat de France"]
[Site "Besançon"]
[Date "2006.08.22"]
[Round "8"]
[White "Guidarelli, Laurent"]
[Black "Gozzoli, Yannick"]
[Result "1/2-1/2"]
[WhiteElo "2437"]
[BlackElo "2470"]
[PlyCount "38"]
[EventDate "2006.??.??"]

1. d4 Nf6 2. c4 c5 3. e3 cxd4 4. exd4 d5 5. Nc3 Nc6 6. Bg5 Be6 7. Nge2 dxc4 8.
Bxf6 exf6 9. d5 Ne5 10. Ng3 Bd7 11. f4 Ng4 12. Bxc4 Bc5 13. Qe2+ Qe7 14. Qxe7+
Kxe7 15. Nge4 Rhc8 16. Nxc5 Rxc5 17. Bb3 f5 18. d6+ Kf8 19. O-O Re8 1/2-1/2

1/2-1/2

[Event "Championnat de France"]
[Site "Besançon"]
[Date "2006.08.22"]
[Round "8"]
[White "Maze, Sebastien"]
[Black "Miralles, Gilles"]
[Result "1/2-1/2"]
[WhiteElo "2526"]
[BlackElo "2504"]
[PlyCount "91"]
[EventDate "2006.??.??"]

1. e4 c5 2. Nf3 d6 3. Bb5+ Bd7 4. Bxd7+ Nxd7 5. O-O Ngf6 6. Qe2 e6 7. b3 Be7 8.
Bb2 O-O 9. c4 a6 10. d4 cxd4 11. Nxd4 Re8 12. Nc3 Qc7 13. Rae1 g6 14. Kh1 Bf8
15. f4 Bg7 16. Nf3 Rad8 17. e5 Nh5 18. g3 dxe5 19. fxe5 Nc5 20. Rd1 Qc6 21. Kg1
Qb6 22. Qe3 Bf8 23. g4 Nf4 24. Ne4 Nxe4 25. Qxb6 Bc5+ 26. Qxc5 Nxc5 27. Ba3
Ncd3 28. g5 Ne2+ 29. Kg2 Nc3 30. Bd6 Nxd1 31. Rxd1 Nb4 32. Nd2 Nc6 33. Ne4 Kg7
34. Nc5 b6 35. Na4 b5 36. Nc3 bxc4 37. bxc4 h6 38. Rb1 hxg5 39. Ne4 Rh8 40.
Nxg5 Rh4 41. Kg3 Rxc4 42. Rb7 Rc3+ 43. Kf4 Rc4+ 44. Kg3 Rc3+ 45. Kf4 Rc4+ 46.
Kg3 1/2-1/2

1/2-1/2

[Event "Championnat de France"]
[Site "Besançon"]
[Date "2006.08.23"]
[Round "9"]
[White "Verot, Melanie"]
[Black "Skripchenko, Almira"]
[Result "0-1"]
[WhiteElo "2111"]
[BlackElo "2421"]
[PlyCount "144"]
[EventDate "2006.??.??"]

1. d4 g6 2. c4 Bg7 3. Nc3 c5 4. e3 Nf6 5. Nf3 O-O 6. Bd3 cxd4 7. exd4 d5 8. O-O
Nc6 9. h3 b6 10. Bg5 dxc4 11. Bxc4 Bb7 12. Re1 Rc8 13. Bf1 h6 14. Bh4 a6 15.
Qd2 g5 16. Bg3 Nh5 17. d5 Nb4 18. Be5 Nf6 19. Rad1 Nbxd5 20. Nxd5 Qxd5 21. Qxd5
Nxd5 22. Bxg7 Kxg7 23. Bxa6 Bxa6 24. Rxd5 Bc4 25. Rd7 e6 26. Rb7 Bxa2 27. Rxb6
Rb8 28. Rxb8 Rxb8 29. Re2 Bd5 30. Ne5 Rb4 31. Kh2 h5 32. Nd3 Rd4 33. Nc5 h4 34.
f3 Kg6 35. Kg1 Bc4 36. Rc2 f5 37. b4 Kf6 38. Rb2 Rd1+ 39. Kf2 Bb5 40. g4 hxg3+
41. Kxg3 Rd4 42. Kf2 Ke5 43. Kg3 Kd5 44. Nb7 Ke5 45. Nc5 Kf6 46. Kf2 e5 47. Rb1
Rd2+ 48. Kg3 f4+ 49. Kg4 Kg6 50. h4 Rg2+ 51. Kh3 Rg3+ 52. Kh2 gxh4 53. Re1 Kf5
54. Ne4 Rg6 55. Nc3 Bc6 56. Ne4 Rg8 57. b5 Bd5 58. Nd2 Rc8 59. Kh3 Rc2 60. Rd1
Rb2 61. b6 Rxb6 62. Rf1 Rb2 63. Rd1 Rb8 64. Rf1 Ra8 65. Rf2 Ra2 66. Ne4 Rxf2
67. Nxf2 Bxf3 68. Kxh4 e4 69. Kh3 e3 70. Nd3 Be2 71. Nc1 Bc4 72. Kg2 Ke4 0-1

[Event "Championnat de France"]
[Site "Besançon"]
[Date "2006.08.23"]
[Round "9"]
[White "Benmesbah, Natacha"]
[Black "Wohlers Armas, Friederike"]
[Result "0-1"]
[WhiteElo "2125"]
[BlackElo "2122"]
[PlyCount "98"]
[EventDate "2006.??.??"]

1. e4 c5 2. Nf3 Nc6 3. Bb5 d6 4. O-O Bd7 5. Re1 g6 6. c3 Qb6 7. Bf1 Bg7 8. h3
e6 9. Na3 Nge7 10. Nc4 Qc7 11. d4 cxd4 12. cxd4 b5 13. Ne3 Nd8 14. Ng4 h5 15.
Ne3 Rc8 16. Bd2 a5 17. Rc1 Qa7 18. Rxc8 Nxc8 19. Qc2 b4 20. d5 e5 21. Rc1 Nb7
22. Nc4 Bh6 23. Bxh6 Rxh6 24. Qd2 Rh8 25. Qg5 Rf8 26. Qf6 Qc5 27. Nxd6+ Qxd6
28. Qg7 f6 29. Qxg6+ Kd8 30. Qxh5 Nc5 31. Qh7 Ne7 32. Nd2 Nc8 33. h4 Na4 34.
Nc4 Qe7 35. Qh6 Rg8 36. Nxa5 Qg7 37. Qe3 Qg4 38. Nb7+ Ke8 39. Rc2 Qxh4 40. g3
Qh7 41. Qb3 Nab6 42. Qxb4 Rh8 43. Bg2 Qh5 44. Rc1 Kf7 45. Nd6+ Nxd6 46. Qxd6
Qh2+ 47. Kf1 Bb5+ 48. Ke1 Qg1+ 49. Kd2 Qxf2+ 0-1

[Event "Championnat de France"]
[Site "Besançon"]
[Date "2006.08.23"]
[Round "9"]
[White "Choisy, Mathilde"]
[Black "Roumegous, Marina"]
[Result "1/2-1/2"]
[WhiteElo "2145"]
[BlackElo "2203"]
[PlyCount "24"]
[EventDate "2006.??.??"]

1. e4 e6 2. d4 d5 3. Nc3 dxe4 4. Nxe4 Be7 5. Nf3 Nf6 6. Nxf6+ Bxf6 7. Bd3 Bd7
8. O-O Bc6 9. c3 Nd7 10. Re1 Bxf3 11. Qxf3 c6 12. Bf4 O-O 1/2-1/2